English Love Affair - 5 Seconds of Summer (All Lyrics) - Statistics

General Stats
  • This quiz has been taken 862 times
  • The average score is 260 of 312
Answer Stats
English Love Affair % Correct
a
100%
A
100%
I
100%
for
99%
in
98%
me
97%
the
97%
Pre-Chorus The
97%
Verse 1 It
96%
it
96%
was
96%
we
96%
look
95%
she
95%
affair
94%
at
94%
English
94%
love
94%
May
94%
my
94%
My
94%
ever
93%
on
93%
so
93%
started
93%
weekend
93%
go
92%
looking
92%
out
92%
be
91%
can't
91%
to
91%
Bridge | Chorus When
91%
all
90%
forget
90%
think
90%
about
89%
lights
89%
She's
89%
attention
88%
needed
88%
of
87%
Of
87%
back
85%
way
85%
her
84%
intervention
84%
somebody
84%
next
83%
Verse 2 Next
83%
picture
83%
head
82%
car
81%
knew
81%
looked
81%
away
80%
Every
80%
had
80%
miles
80%
rain
80%
step
80%
brain
79%
Kissing
79%
serious
79%
single
79%
bed
78%
ridiculous
78%
Today
78%
i'm
77%
seat
77%
thousand
77%
king
76%
size
76%
bar
75%
seven
75%
waiting
75%
Before
73%
burning
73%
connection
73%
feeling
73%
playing
73%
Dragged
72%
and
71%
Felt
71%
With
70%
movie
69%
place
69%
were
69%
complexion
64%
white
64%
there
63%
begging
62%
thing
60%
powder
59%
naked
57%
getting
56%
good
55%
Princess
55%
base
54%
Means
54%
stairs
54%
Mayfair
52%
That
52%
third
52%
up
51%
wasn't
50%
Drinking
49%
hideaway
49%
great
48%
story
48%
ending
47%
faces
46%
nobody
46%
got
45%
falling
44%
line
43%
memory
43%
would
43%
now
41%
believing
39%
could
39%
take
39%
their
39%
know
38%
No matching quizzes found
Score Distribution
Percent of People with Each Score
Percentile by Number Answered
Your Score History
You have not taken this quiz